Pozitíva a negatíva migračnej politiky Nemecka bakalárska práca

Salvato in:
Dettagli Bibliografici
Autore principale: Rebrová, Natália
Ente Autore: Obchodná fakulta EU. Katedra medzinárodného obchodu
Altri autori: Ďuranová, Lucia
Natura: Libro
Lingua:slovacco
Pubblicazione: Bratislava 2017
Tags: Aggiungi Tag
Nessun Tag, puoi essere il primo ad aggiungerne!!

MARC

LEADER 00000nbm a2200000 4500
001 0232666
005 20170818100148.9
041 0 |a slo 
044 |a SK 
245 1 0 |a Pozitíva a negatíva migračnej politiky Nemecka  |b bakalárska práca  |c Natália Rebrová ; školiteľ: Lucia Ďuranová 
264 1 |a Bratislava  |c 2017 
300 |a 49 s. 
100 1 |a Rebrová, Natália 
700 1 |a Ďuranová, Lucia 
710 2 |a Obchodná fakulta EU. Katedra medzinárodného obchodu